00449nam a2200121Ia 4500008004100000041001200041082002100053100005400074245008300128260002400211300001200235650008000247231217s9999 xx 000 0 und d aEnglish a658.3 PEA;1 R` aPearn, Michael Mulrooney, Chris Hodgins, Joan etc 0aEmpowering team learning : enabling ordinary people to do extroordinary things c2004bJaicoaMumbai axii+160 aEmpowering,team,learning,:,enabling,ordinary,people,do,extroordinary,things